Asserȯ̂ Da Teoria ao Princp̕io de Direito Processual Civil

Bibliographic Details
Main Author: Kühn, Vagner Felipe
Format: eBook
Language:Portuguese
Published: Sô Paulo : Editora NELPA, 2011
Subjects:
Online Access:http://www.vlex.com/source/6760

MARC

LEADER 00000nam a22000007a 4500
005 20130214151553.0
007 cr|||| ||||
008 130214e2011 bl |||||s|||| 00| 0 por d
035 |a 6760 
040 |a vLex 
090 |c 3628  |d 3628 
100 1 0 |a Kühn, Vagner Felipe 
245 1 0 |a Asserȯ̂  |b Da Teoria ao Princp̕io de Direito Processual Civil  |h [Recurso electrn̤ico]  
256 |a Servicio en ln̕ea 
260 |a Sô Paulo :  |b Editora NELPA,   |c 2011 
300 |a 1 Recurso electrn̤ico 
650 0 4 |a Procedimiento civil  |z Brasil 
740 |a vLex Libros (Servicio en ln̕ea) 
856 |u http://www.vlex.com/source/6760 
942 |c BOOK 
999 0 |a Civil procedure